000 00718nam a2200241 a 4500
001 43089
003 BD-RjUL
005 20211209053638.0
008 160619s1965 pk b 000 0 eng
035 _a(BD-RjUL)43207
040 _aDLC
_cCSdS
_dDLC
_dBD-RjUL
_beng
041 _aeng
082 _223
_a330.91767
_bBRC 1965
100 1 _aBrelvi, Mahmud,
_d1908-
_9132311
245 1 0 _aEconomic conditions in the Muslim world /
_cMahmud Brelvi
260 _aKarachi :
_bMahmud Brelvi,
_c1965
300 _a70 p. ;
_c19 cm.
500 _aCover title.
504 _a"Literary works of Mahmud Brelvi": p. 69-70.
651 0 _aIslamic countries
_xEconomic conditions.
_9132312
942 _2ddc
_cBK
999 _c43089
_d43089